Flüsse Europas Sudden - Death - Statistiken

Allgemein
  • Dieses Quiz wurde 1.170 mal gespielt
  • Das Durchschnittsergebnis liegt bei 10 aus 17
Answers on the Grid
Answers color-coded by a green-red scale on the quiz's grid according to % correct below.
Elbe
Lena
Donau
Nil
Amazonas
Rhein
Po
Missisippi
Themse
Moldau
Don
Ob
Wolga
Ural
Dnepr
Oranje
Tigris
Kama
Oka
Benue
Tas
Om
Aras
Düna
Loire
Tajo
Tura
Oder
Weichsel
Maja
 
Antwortstatistiken
Antwort % Korrekt
Elbe
98%
Donau
86%
Rhein
84%
Po
80%
Themse
80%
Moldau
75%
Wolga
75%
Oder
74%
Weichsel
64%
Loire
60%
Dnepr
46%
Don
38%
Ural
33%
Tajo
31%
Düna
13%
Oka
10%
Kama
3%
Keine übereinstimmenden Quizze gefunden
Verteilung der Resultate
Anzahl Personen mit jedem Resultat
Perzentil nach korrekt beantworteten Fragen
Ihre Resultats-Entwicklung
Sie haben dieses Quiz noch nicht gespielt